000 00445nam a2200169Ia 4500
008 230524s9999 xx 000 0 und d
020 _a9788126557493
082 _bBER
100 _aLeonhard E. Bernold
_942879
245 0 _a"Construction Equipment And Methods : Planning,Innovation,Safety"
250 _a1
260 _aNew Delhi
_bWiley India
_c2015
300 _a589p;
500 _aQuantity Number: 1
650 _aCivil
942 _cBK
999 _c57851
_d57851